Представление документа в формате RUSMARC

ПолеНазваниеЗначение
  Тип записи c
  Библиографический уровень c
001 Контрольный номер RU/SLIB/B/208754751
005 Дата корректировки 20201206204148.0
010 Индекс ISBN __
d Цена 500-00
101 Язык документа __
a Язык текста rus
200 Заглавие и сведения об ответственности 1_
a Заглавие Избранные хоры
e Сведения, относящиеся к заглавию без сопровождения : ноты
f Первые сведения об ответственности Танеев С. И. ; ред.-сост. К. Ольхов
b Общее обозначение материала Ноты
205 Сведения об издании __
a Основные сведения об издании 3-е изд.
210 Выходные данные __
a Место издания Л.
c Издательство Музыка
d Дата издания 1982
215 Физическое описание __
a Объем 136 с.
606 Тематические рубрики __
a Основная рубрика Музыка и зрелищные искусства
606 Тематические рубрики __
a Основная рубрика Вокальная музыка
610 Ключевые слова __
a Ключевые слова нотные издания; хоровые произведения; вокальные произведения; песни; хоровая музыка
686 Индексы других классификаций __
a Классификационный индекс 85.941
700 Автор __
a Фамилия Танеев
b Имя С. И.
4 Код отношения 070
702 Вторичная интеллектуальная ответственность __
a Фамилия Ольхов
b Имя К.
4 Код отношения Редактор
801 Источник записи _0
a Страна RU
b Организация Муниципальное бюджетное учреждение культуры "Централизованная библиотечная система" г. Сургут (Центральная городская библиотека им. А. С. Пушкина)
g Правила каталогизации КиК/Уланова
801 Источник записи _1
a Страна RU
b Организация Муниципальное бюджетное учреждение культуры "Централизованная библиотечная система" г. Сургут (Центральная городская библиотека им. А. С. Пушкина)
g Правила каталогизации КиК/Уланова
852 Данные о местонахождении __
j Шифр хранения 85.941
c Каталожный индекс 85.941
i Авторский знак Т 18
p Инвентарный номер 66529
901 Тип документа __
t Тип документа x
969 Тип издания __
a Тип издания сборник
990 Данные о заказе (DOS) __
j Количество экземпляров (DOS) 1